000 00375nam a2200145Ia 4500
008 230711s9999||||xx |||||||||||||| ||und||
041 _aENG
082 _a621
_bMY-I
100 _aMylius,Ralph
245 4 _aThe illustrated lotus 1-2-3
250 _a1st Ed.
260 _c1987
_aNew Delhi
_bPrentice-Hall of India Private Limited
650 _aComputer Engineering
942 _cBK
999 _c706
_d706